000 00722nam a2200277Ia 4500
005 20260324140350.0
008 008 260324s9999 xx 000 0 eng d
020 _a9781315063393
037 _aEBOOK
040 _aCRL
040 _beng
040 _cCRL
041 _2eng
041 _aeng
084 _qCRL
100 _aErnest Ackermann; Karen Hartman
_91204119
245 4 _aThe Information Specialist's Guide to Searching and Researching on the Internet and the World Wide Web
260 _bTaylor and Francis
260 _c1999
365 _a
365 _b230
856 _uhttp://www.taylorfrancis.com/books/9781315063393
942 _cEBOOK
999 _c1806119
_d1806119